000 00245nam a2200109 a 4500
005 20141022141958.0
008 120306s19uu xx 00 eng d
050 _aDVD-ROM
_bK16 2006
245 _aAvid editing.
260 _c2006.
942 _cAVM
999 _c276098
_d276098